ADVANCED PUBLIC PROCUREMENT AS INDUSTRIAL POLICY: (Record no. 1309719)

MARC details
000 -LEADER
fixed length control field 00565nam a22001817a 4500
003 - CONTROL NUMBER IDENTIFIER
control field OSt
005 - DATE AND TIME OF LATEST TRANSACTION
control field 20250507161923.0
008 - FIXED-LENGTH DATA ELEMENTS--GENERAL INFORMATION
fixed length control field 250429b |||||||| |||| 00| 0 eng d
020 ## - INTERNATIONAL STANDARD BOOK NUMBER
International Standard Book Number 9781441958488
040 ## - CATALOGING SOURCE
Transcribing agency RDA
100 ## - MAIN ENTRY--PERSONAL NAME
Personal name ELIASSON,GUNNAR.,
Relator term AUTHOR
9 (RLIN) 753379
245 ## - TITLE STATEMENT
Title ADVANCED PUBLIC PROCUREMENT AS INDUSTRIAL POLICY:
Remainder of title The Aircraft Industry as a Technical University
Statement of responsibility, etc. By Gunnar Eliasson
260 ## - PUBLICATION, DISTRIBUTION, ETC.
Place of publication, distribution, etc. NEW YORK
Name of publisher, distributor, etc. SPRINGER
Date of publication, distribution, etc. 2010
300 ## - PHYSICAL DESCRIPTION
Extent xxviii,311P
650 ## - SUBJECT ADDED ENTRY--TOPICAL TERM
Source of heading or term Policy
700 ## - ADDED ENTRY--PERSONAL NAME
Personal name ANTONELLI,CRISTIANO.,
Relator term EDITOR
9 (RLIN) 753380
942 ## - ADDED ENTRY ELEMENTS (KOHA)
Source of classification or shelving scheme Colon Classification (CC)
Koha item type General Books
Suppress in OPAC No
Holdings
Withdrawn status Lost status Source of classification or shelving scheme Damaged status Not for loan Home library Current library Shelving location Date acquired Cost, normal purchase price Total Checkouts Full call number Barcode Date last seen Price effective from Koha item type
    Colon Classification (CC)     Faculty of Management Library Faculty of Management Library General Stacks 2019-03-07 15083.77   X8(A) Q0 ML1635065 2025-04-29 2025-04-29 General Books
Copyright @ Delhi University Library System